| 000 | 00587nam a2200193Ia 4500 | ||
|---|---|---|---|
| 005 | 20250508152839.0 | ||
| 008 | 008 250505s9999 xx 000 0 eng d | ||
| 037 | _aBooks to be hide in OPAC | ||
| 040 |
_aFEDL _beng _cFEDL |
||
| 041 |
_aeng _2eng |
||
| 084 |
_a400.15, SAP/O _qFEDL |
||
| 100 |
_aSaporta Sol Ed. _9348293 |
||
| 245 | 0 | _aPsycholinguistics: A book of readings | |
| 260 |
_aNew York, USA _bHolt, Rinehart and Winston _c1961 |
||
| 300 | _axv,551p. | ||
| 700 |
_a Bastian Jarvis R Ed. _9762552 |
||
| 942 |
_cHB _h400.15, SAP/O |
||
| 999 |
_c1339164 _d1339164 |
||